| 000 | 00919nam a2200265 4500 | ||
|---|---|---|---|
| 003 | AR-BeUNQ | ||
| 005 | 20231012120604.0 | ||
| 008 | 230925s2013 AG abodd |||| 00| 0 spa d | ||
| 020 | _a978+981651696 | ||
| 040 |
_aAR-BeUNQ _cAR-BeUNQ _eaacr |
||
| 082 |
_a373.2 _221 |
||
| 245 | 0 | 0 |
_aCiencias sociales en construcción / _c[Sandra Andrea Alvino ... [et al.]] |
| 250 | _a1a ed. | ||
| 260 |
_aBuenos Aires : _bMandioca, _c2013. |
||
| 300 |
_a270 p. : _bil. col., fotografías col., gráficos, mapas ; _c28 cm. |
||
| 521 | _aPara tercer ciclo de educación primaria y primer ciclo de educación secundaria. | ||
| 650 | 7 |
_aCiencias Sociales _2spines |
|
| 650 | 7 |
_aHistoria antigüa _2spines |
|
| 650 | 7 |
_aHistoria medieval _2spines |
|
| 650 | 7 |
_aGeografía _2spines |
|
| 650 | 7 |
_aSociedad _2toit |
|
| 700 | 7 |
_aAlvino, Sandra Andrea _eaut. |
|
| 929 |
_aDONACION _bGladys Alarcón _e2018 _fPAT0080463 _h1 _j60660 |
||
| 942 | _cLIB | ||
| 999 |
_c896 _d896 |
||